000 00774nam a2200241Ia 4500
003 OSt
005 20220930194616.0
006 a|||||r|||| 00| 0
007 ta
008 220926b |||||||| |||| 00| 0 eng d
024 _a12985
037 _cDissertations
040 _aCRL
_cCRL
_beng
041 _2eng
_aeng
100 _aTripathy Rekha
_9563406
110 _aUniversity of Delhi. Faculty of Social Sciences. Department of African Studies
_9519560
245 0 _aGrowth and development of resistance against apartheid in South Africa
260 _c1988
650 _aAFRICA - HISTORY
700 _aUniversity of Delhi. Faculty of Social Sciences. Department of African Studies
_9519562
942 _cDIS
_2CC
999 _c897922
_d897922